Francis Ittikora (Record no. 114613)

MARC details
000 -LEADER
fixed length control field 00361nam a2200121Ia 4500
008 - FIXED-LENGTH DATA ELEMENTS--GENERAL INFORMATION
fixed length control field 211119s9999||||xx |||||||||||||| ||und||
082 ## - DEWEY DECIMAL CLASSIFICATION NUMBER
Classification number 894.8123
Item number RAM-F
100 ## - MAIN ENTRY--PERSONAL NAME
Personal name Ramakrishnan, T D
245 #0 - TITLE STATEMENT
Title Francis Ittikora
260 ## - PUBLICATION, DISTRIBUTION, ETC.
Name of publisher, distributor, etc. D c Books
Place of publication, distribution, etc. 2009
Date of publication, distribution, etc. Kottayam
650 ## - SUBJECT ADDED ENTRY--TOPICAL TERM
Topical term or geographic name entry element Literature
942 ## - ADDED ENTRY ELEMENTS (KOHA)
Koha item type BOOK
650 ## - SUBJECT ADDED ENTRY--TOPICAL TERM
Form subdivision Altaic,Uralic,Hyperborean &DravidianMalayalam
General subdivision General stack
Holdings
Withdrawn status Lost status Source of classification or shelving scheme Damaged status Not for loan Home library Current library Date acquired Cost, normal purchase price Total Checkouts Full call number Barcode Shelving location Date last seen Date last checked out Price effective from Koha item type
    Dewey Decimal Classification     SB LIBRARY SB LIBRARY 19/11/2021 150.00 11 894.8123 RAM-F 00128072 GENERAL STACK 17/03/2026 25/02/2026 19/11/2021 BOOK

Powered by Koha